000
00238nam a2200085Ia 4500
245
0
_a
The World Health Organization
100
_a
Prentzas, G. S. New York, (2009)
_9
115678
942
_c
BK
008
210825s9999 xx 000 0 und d
999
_c
569849
_d
569848